HPLC liečiv a ich metabolitov : Obh. 10.6.1996 /

Gespeichert in:
Bibliographische Detailangaben
1. Verfasser: Dubovická, Dana (Verfasst von)
Format: Manuskript Buch
Sprache:Slowakisch
Veröffentlicht: Bratislava : STU v Bratislave ChtF, 1996
Tags: Tag hinzufügen
Keine Tags, Fügen Sie das erste Tag hinzu!

MARC

LEADER 00000ntm a22000003a 4500
001 stu23849
005 20150617225748.1
008 ------s1996----xo------------------slo-d
040 |a STU  |b slo 
041 0 |a slo 
044 |a xo 
100 1 |a Dubovická, Dana  |4 aut 
245 1 |a HPLC liečiv a ich metabolitov :  |b Obh. 10.6.1996 /  |c [aut.]Dubovická,Dana 
260 |a Bratislava :  |b STU v Bratislave ChtF,  |c 1996 
300 |a 65 s :  |b Tab.,grafy,lit 
500 |a Zameranie: Analytická chémia 
996 |b CD12044  |c C*D12044  |l CCI  |s A  |a 24  |w stu23849_0001